Countries of the 1928 Olympics - Statistics

General Stats
  • This quiz has been taken 56 times
  • The average score is 37 of 46
Answer Stats
Number of Athletes Answer % Correct
18 Australia
98%
69 Canada
98%
23 Greece
98%
280 USA
98%
100 Sweden
96%
91 Denmark
94%
69 Finland
94%
296 Germany
94%
174 Italy
94%
43 Japan
94%
30 Mexico
94%
52 Norway
94%
93 Poland
94%
80 Spain
94%
81 Argentina
92%
255 France
92%
10 New Zealand
92%
73 Austria
90%
31 Portugal
90%
264 Netherlands
88%
186 Belgium
86%
27 Ireland
84%
29 Romania
84%
31 Turkey
84%
32 Egypt
82%
109 Hungary
82%
21 India
82%
5 Bulgaria
80%
24 South Africa
80%
70 Czechoslovakia
78%
232 Great Britain
78%
133 Switzerland
78%
34 Yugoslavia
78%
38 Chile
76%
46 Luxembourg
70%
1 Cuba
68%
20 Estonia
66%
14 Latvia
64%
12 Lithuania
64%
22 Uruguay
62%
2 Haiti
54%
7 Monaco
52%
1 Panama
48%
9 Malta
40%
4 Philippines
40%
2 Rhodesia
16%
No matching quizzes found
Score Distribution
Percent of People with Each Score
Percentile by Number Answered
Your Score History
You have not taken this quiz